Countries of Africa on a Globe Quiz Stats

 Plays Quiz Updated Jul 2, 2018

Score 0/54 Timer 09:00
6 Plays Today
% Correct
Egypt
95.9%
Madagascar
95.3%
Libya
92.9%
Chad
92.6%
Ethiopia
91.8%
Democratic Republic of Congo
91.4%
Sudan
90.3%
Tunisia
89.5%
Somalia
89.4%
South Africa
89.3%
Botswana
88.8%
Kenya
88.2%
eSwatini
88.2%
Morocco
87.7%
Niger
87.5%
South Sudan
87.1%
Angola
87%
Lesotho
87%
Mali
86.9%
Nigeria
86.6%
Mozambique
86.1%
Rwanda
85.3%
Algeria
84.9%
Zimbabwe
84.4%
Mauritania
83.6%
Eritrea
83.5%
Ghana
82.8%
% Correct
Tanzania
82.7%
Togo
81.9%
Seychelles
80.9%
Comoros
80.7%
Uganda
80.1%
Namibia
80%
Djibouti
79.6%
Guinea
79.3%
São Tomé and Príncipe
77.8%
Zambia
77.5%
Malawi
77%
Mauritius
76.7%
Central African Republic
76.5%
The Gambia
76.2%
Liberia
75.3%
Senegal
75.3%
Côte d’Ivoire
75.3%
Guinea-Bissau
75.2%
Sierra Leone
75%
Equatorial Guinea
72.6%
Republic of the Congo
72.6%
Cabo Verde
72.2%
Burundi
71.8%
Benin
71%
Cameroon
70.7%
Gabon
70.7%
Burkina Faso
69.5%

You're not logged in!

Compare scores with friends on all Sporcle quizzes.
OR
Log In

You Might Also Like...

Show Comments

Extras

Top Quizzes Today


Score Distribution

Your Account Isn't Verified!

In order to create a playlist on Sporcle, you need to verify the email address you used during registration. Go to your Sporcle Settings to finish the process.

Report this User

Report this user for behavior that violates our Community Guidelines.

Details: